000 01294nam a22002417a 4500
001 121392
008 230307s2023 xxk|||||o|||| 00| 0 eng d
041 _aeng
110 _aRoyal Institution of Chartered Surveyors
245 _aUse of Discounted Cash Flow in real estate investment valuation
_ba consultation
_h[Electronic resource]
260 _aLondon,
_bRoyal Institution of Chartered Surveyors,
_c1 March 2023
300 _a75p.
490 _aRICS Consultation
520 _aTo progress the valuation review and implement those recommendations specific to Discounted Cash Flows, RICS have launched a consultation on a series of proposed outputs focused on supporting a better understanding and appropriate application of the DCF model. Consultation open until 12th April 2023.
650 _aDISCOUNTED CASH FLOW
650 _aVALUATION
651 _aUnited Kingdom
690 _96273
_aValuation
710 _aRoyal Institution of Chartered Surveyors
856 _uhttps://consultations.rics.org/gf2.ti/-/1488130/160444165.1/PDF/-/DCF%20valuations%20for%20consultation%20-%20combined%20with%20front%20matter.pdf
_zView the consultation document on RICS.org
856 _uhttps://consultations.rics.org/dcfsinvaluation/
_zView the RICS iConsult homepage on DCF
942 _n0
999 _c121392
_d121392